Statistiques concernant - Prénoms masculins les plus donnés en 2016 -

Cliquez ici pour prendre le quiz!

Statistiques générales

  • Ce quiz a été pris 1,444 fois
  • Le résultat moyen est 51 sur 100

Statistiques - réponses

Position 1ère Lettre Prénom % Correct
5LLéo
91%
7LLouis
88%
10PPaul
86%
1LLucas
86%
4JJules
86%
36TThomas
85%
96JJulien
84%
2HHugo
81%
20TThéo
81%
23AAntoine
80%
9NNathan
79%
44AAlexandre
79%
15MMaxime
77%
76QQuentin
77%
6GGabriel
76%
65RRomain
74%
13TTom
73%
95JJean
72%
100NNicolas
72%
60NNoa
70%
26EEnzo
68%
30VValentin
68%
32VVictor
68%
73LLéon
67%
8AArthur
67%
3RRaphaël
67%
38AAlexis
66%
19CClément
66%
27NNoé
65%
22MMathis
65%
71WWilliam
64%
39MMathéo
64%
40SSimon
63%
16MMartin
62%
78BBenjamin
62%
18BBaptiste
62%
82CCharles
60%
46SSamuel
59%
33NNoah
59%
75MMaé
59%
29MMaxence
58%
17EEthan
58%
49MMatteo
58%
92CCorentin
56%
61AAdrien
54%
77BBastien
53%
12MMaël
53%
24AAxel
53%
14TTiméo
52%
41EEvan
49%
21LLiam
49%
11GGabin
49%
67TThibault
48%
37AAdam
48%
28NNolan
47%
31SSacha
47%
52AAntonin
45%
62GGaspard
44%
87KKylian
44%
25RRobin
44%
79EElio
43%
34MMarius
42%
91TTimothée
42%
68EEstéban
40%
50AAugustin
39%
64MMilo
38%
59NNino
37%
35AAaron
36%
89NNathanaël
36%
85CCharly
36%
47EEliott
35%
45MMathys
34%
57NNoam
33%
69JJulian
31%
56LLéandre
31%
63MMilan
31%
99MMorgan
30%
93EElliot
30%
42MMalo
30%
51LLouka
30%
48LLenny
30%
54SSasha
29%
86DDiego
29%
53CCôme
28%
88LLois
28%
83LLoris
27%
58TTiago
27%
80JJoshua
27%
84RRuben
26%
81AAmaury
26%
98LLoan
25%
97LLivio
24%
43NNaël
24%
74LLéandro
24%
70MMarceau
23%
90SSoan
22%
94TThiago
21%
66MMahé
20%
55EEwen
19%
72AAlessio
19%

Distribution des résultats

Percentile by Number Answered

% des personnes avec chaque résultat

Votre développement - résultats

Vous n’avez pas pris ce quiz